000
00295nam a22001337a 4500
008
181016b xxu||||| |||| 00| 0 eng d
020
_a
9780781787635
041
_a
eng
080
_2
6th
_a
610
100
_a
6
101
_a
ANE
245
_a
Clinical Anesthesia
_c
Barash,P.G
942
_2
udc
_c
BK
999
_c
49930
_d
49930